000 00421nam a22001577a 4500
005 20251113103754.0
008 251113b |||||||| |||| 00| 0 eng d
020 _a979-8-88715-00-31
100 _aWALKER WHITE EDWARD
245 _aBIOTECHNOLOGY AND BIOLOGY OF PLANTS
260 _aDUBLIN OH
_bORYSON
_c2023
300 _aVII,297P.
500 _aINCLUDES AN INDEX
650 _aPLANT BIOTECHNOLOGY
942 _2lcc
_cBK
999 _c216181
_d216181